00262nam a2200109Ia 4500008004100000041000800041082001500049100001200064245002400076260003300100300001900133241015s9999 xx 000 0 und d aeng a658.15 MOH aMohanty aFinancial Analytics bWiley IndiaaNew Delhic2023 a664;. P. 23 cm